I'd like to speak Filipino. (Record no. 109723)
[ view plain ]
| 000 -LEADER | |
|---|---|
| fixed length control field | 00345nam a2200145 a 4500 |
| 005 - DATE AND TIME OF LATEST TRANSACTION | |
| control field | 20140414093847.0 |
| 008 - FIXED-LENGTH DATA ELEMENTS--GENERAL INFORMATION | |
| fixed length control field | 110304s19uu xx 00 eng d |
| 050 ## - LIBRARY OF CONGRESS CALL NUMBER | |
| Classification number | CD 499.21 |
| Item number | C19 2001 |
| 100 ## - MAIN ENTRY--PERSONAL NAME | |
| Personal name | Carlos, Victoria P. |
| 245 ## - TITLE STATEMENT | |
| Title | I'd like to speak Filipino. |
| 260 ## - PUBLICATION, DISTRIBUTION, ETC. (IMPRINT) | |
| Date of publication, distribution, etc | 2001. |
| 650 ## - SUBJECT ADDED ENTRY--TOPICAL TERM | |
| Topical term or geographic name as entry element | Filipino |
| 942 ## - ADDED ENTRY ELEMENTS (KOHA) | |
| Koha item type | Audio Visual Materials |
| Withdrawn status | Lost status | Damaged status | Home library | Current library | Shelving location | Date acquired | Source of acquisition | Total Checkouts | Full call number | Barcode | Date last seen | Date checked out | Price effective from | Koha item type |
|---|---|---|---|---|---|---|---|---|---|---|---|---|---|---|
| Luxembourg Library | Luxembourg Library | Audio Visual Material Section | 03/04/2011 | 1 | CD 499.21 C19 2001 | AV1392 | 05/31/2016 | 05/24/2016 | 04/14/2014 | Audio Visual Materials |